000 00681nam a2200193 a 4500
001 000380084
003 AM-YeHGA
005 20250618072316.0
008 041110s1938 ai 000 | arm d
040 _aAM-YeHGA
041 0 _aarm
100 1 _aԹարգյուլ, Լյուսի,
_d1905-1955
_91142
245 1 0 _aՄանկական յերկաթուղի /
_cԼ. Թարգյուլ; Նկ.՝ Ա. Խուդավերդյան.
260 _aՅերևան :
_bՊետհրատ,
_c1938.
300 _a13 էջ :
_bնկ. ;
_c15 սմ.
650 1 4 _aՀայ մանկական գրականություն
_xՊատմվածք
700 1 _aԽուդավերդյան, Ա.
_eնկ.
_4art
_98581
090 _c146632
999 _c145247
_d145247